Presidential Elections and Structure of Industry in Ukraine
Saved in:
| Main Author: | |
|---|---|
| Format: | Book |
| Language: | English |
| Published: |
Wien
Institut für Höhere Studien
1994
|
| Edition: | 1. ed. |
| Series: | East European Series
No.14 |
| Subjects: | |
| Tags: |
No Tags, Be the first to tag this record!
|
MARC
| LEADER | 00000nam a2200000 4500 | ||
|---|---|---|---|
| 001 | c012649 | ||
| 005 | 20221205140934.7 | ||
| 041 | 0 | |a eng | |
| 044 | |a AT | ||
| 245 | 1 | 0 | |a Presidential Elections and Structure of Industry in Ukraine |c Andrij A. Halushka |
| 250 | |a 1. ed. | ||
| 264 | 1 | |a Wien |b Institut für Höhere Studien |c 1994 | |
| 300 | |a 11 s. | ||
| 490 | 1 | |a East European Series |v No.14 | |
| 830 | 0 | |a East European Series |v No.14 | |
| 610 | 2 | 0 | |a priemysel |
| 610 | 2 | 0 | |a štruktúra ekonomická |
| 610 | 2 | 0 | |a štruktúra obyvateľstva ekonomická |
| 610 | 2 | 0 | |a prezidenti |
| 610 | 2 | 0 | |a voľby |
| 610 | 2 | 0 | |a kríza hospodárska |
| 610 | 2 | 0 | |a 1992-1994 |
| 610 | 2 | 0 | |a Ukrajina |
| 100 | 1 | |a Halushka, Andrij A. | |